<?xml version="1.0" encoding="UTF-8"?><?xml-stylesheet type="text/xsl" href="static/style.xsl"?><OAI-PMH xmlns="http://www.openarchives.org/OAI/2.0/" xmlns:xsi="http://www.w3.org/2001/XMLSchema-instance" xsi:schemaLocation="http://www.openarchives.org/OAI/2.0/ http://www.openarchives.org/OAI/2.0/OAI-PMH.xsd"><responseDate>2026-04-29T11:41:11Z</responseDate><request verb="GetRecord" identifier="oai:riubu.ubu.es:10259/4820" metadataPrefix="marc">https://riubu.ubu.es/oai/request</request><GetRecord><record><header><identifier>oai:riubu.ubu.es:10259/4820</identifier><datestamp>2021-11-10T09:38:21Z</datestamp><setSpec>com_10259_3725</setSpec><setSpec>com_10259_5086</setSpec><setSpec>com_10259_2604</setSpec><setSpec>col_10259_3726</setSpec></header><metadata><record xmlns="http://www.loc.gov/MARC21/slim" xmlns:doc="http://www.lyncode.com/xoai" xmlns:xsi="http://www.w3.org/2001/XMLSchema-instance" xmlns:dcterms="http://purl.org/dc/terms/" xsi:schemaLocation="http://www.loc.gov/MARC21/slim http://www.loc.gov/standards/marcxml/schema/MARC21slim.xsd">
<leader>00925njm 22002777a 4500</leader>
<datafield tag="042" ind1=" " ind2=" ">
<subfield code="a">dc</subfield>
</datafield>
<datafield tag="720" ind1=" " ind2=" ">
<subfield code="a">Huelmo García, Jonathan</subfield>
<subfield code="e">author</subfield>
</datafield>
<datafield tag="720" ind1=" " ind2=" ">
<subfield code="a">Martínez, Verónica .</subfield>
<subfield code="e">author</subfield>
</datafield>
<datafield tag="720" ind1=" " ind2=" ">
<subfield code="a">Díez Itza, Eliseo .</subfield>
<subfield code="e">author</subfield>
</datafield>
<datafield tag="260" ind1=" " ind2=" ">
<subfield code="c">2017</subfield>
</datafield>
<datafield tag="520" ind1=" " ind2=" ">
<subfield code="a">Los avances científicos que han tenido lugar en las últimas décadas han permitido identificar síndromes hasta entonces poco conocidos dentro del campo inespecífico que tradicionalmente se definía como “retraso o deficiencia mental”. El estudio de estos síndromes, entre los que se encuentra el síndrome X Frágil (SXF), ha permitido abandonar la concepción estática de la discapacidad intelectual, para pasar a una concepción dinámica que tiene en cuenta su desarrollo a lo largo del ciclo vital como resultado de la interacción entre sus capacidades de adaptación y los apoyos. Este trabajo, de acuerdo con dicho paradigma, se inscribe dentro del más amplio Proyecto Syndroling (Diez-Itza et al., 2014), de establecimiento comparado de perfiles lingüísticos en síndromes genéticos neuroevolutivos, y su objetivo es analizar los perfiles fonológicos de varones adultos con SXF. El estudio de los perfiles fonológicos se realizó a partir de muestras de habla espontánea de 6 varones adultos con SXF (Edad Media=38;6). Las muestras fueron recogidas y analizadas de acuerdo con la metodología RETAMHE y el Proyecto CHILDES (Diez-Itza, Snow y MacWhinney, 1999). Se analizaron la frecuencia y distribución relativa de los distintos tipos y clases de procesos (Estructura Silábica, Sustitución, Omisión y Asimilación), construyendo los perfiles fonológicos a partir de índices de error calculados en función de la frecuencia léxica (Martínez, 2010). Los resultados muestran un perfil fonológico específico del SXF caracterizado por una incidencia relativa mayor de procesos de Estructura de la Sílaba y menor de Sustitución y Omisión que en el desarrollo típico (DT) y en el Síndrome de Down (SD). El nivel fonológico en el SXF podría considerarse por tanto más cercano al buen nivel observado en el Síndrome de Williams (SW) que a las dificultades específicas del SD, lo que abre posibilidades a fundamentar en él la intervención en el discurso y la lectura.</subfield>
</datafield>
<datafield tag="024" ind2=" " ind1="8">
<subfield code="a">0214-9877</subfield>
</datafield>
<datafield tag="024" ind2=" " ind1="8">
<subfield code="a">http://hdl.handle.net/10259/4820</subfield>
</datafield>
<datafield tag="024" ind2=" " ind1="8">
<subfield code="a">10.17060/ijodaep.2017.n1.v4.1028</subfield>
</datafield>
<datafield ind1=" " ind2=" " tag="653">
<subfield code="a">síndrome X-Frágil</subfield>
</datafield>
<datafield ind1=" " ind2=" " tag="653">
<subfield code="a">desarrollo fonológico</subfield>
</datafield>
<datafield ind1=" " ind2=" " tag="653">
<subfield code="a">síndromes neuroevolutivos</subfield>
</datafield>
<datafield ind1=" " ind2=" " tag="653">
<subfield code="a">adquisición del lenguaje</subfield>
</datafield>
<datafield ind1=" " ind2=" " tag="653">
<subfield code="a">discapacidad intelectual</subfield>
</datafield>
<datafield ind1=" " ind2=" " tag="653">
<subfield code="a">alteraciones del lenguaje</subfield>
</datafield>
<datafield tag="245" ind1="0" ind2="0">
<subfield code="a">Evaluación de perfiles fonológicos en el síndrome X-Frágil mediante índices de error</subfield>
</datafield>
</record></metadata></record></GetRecord></OAI-PMH>